banner koha

Anti-mycobacterial and immunomodulatory activity of n-hexane fraction and spathulenol from Ocotea notata leaves (Registro n. 337871)

MARC details
000 -LÍDER
fixed length control field 04352nab a2200349 i 4500
003 - CÓDIGO MARC DA AGÊNCIA CATALOGADORA
Campo de controle BR-BrBNA
005 - DATA E HORA DA ÚLTIMA ATUALIZAÇÃO
Campo de controle 20250828172103.0
008 - CAMPO DE TAMANHO FIXO
fixed length control field 250828b2021 bl.ar|pooa||| 00| 0 eng |
040 ## - FONTE DA CATALOGAÇÃO
Agência catalogadora BR-BrBNA
Idioma da catalogação eng
072 ## - CATEGORIA AGRIS
Código AGRIS F60
100 ## - ENTRADA PRINCIPAL - NOME PESSOAL
Nome pessoal Costa, Isabela Francisca de Jesus Borges
100 ## - ENTRADA PRINCIPAL - NOME PESSOAL
Nome pessoal Simão, Thatiana Lopes Bia Ventura
100 ## - ENTRADA PRINCIPAL - NOME PESSOAL
Nome pessoal Calixto, Sanderson Dias
100 ## - ENTRADA PRINCIPAL - NOME PESSOAL
Nome pessoal Pereira, Rafaella Velloso
100 ## - ENTRADA PRINCIPAL - NOME PESSOAL
Nome pessoal Konno, Tatiana Ungaretti Paleo
100 ## - ENTRADA PRINCIPAL - NOME PESSOAL
Nome pessoal Pinto, Shaft Corrêa
100 ## - ENTRADA PRINCIPAL - NOME PESSOAL
Nome pessoal Tinoco, Luzineide Wanderley
100 ## - ENTRADA PRINCIPAL - NOME PESSOAL
Nome pessoal Lasunskaia, Elena
100 ## - ENTRADA PRINCIPAL - NOME PESSOAL
Nome pessoal Leal, Ivana Correa Ramos
100 ## - ENTRADA PRINCIPAL - NOME PESSOAL
Nome pessoal Muzitano, Michelle Frazão
245 ## - TÍTULO PRINCIPAL
Título principal Anti-mycobacterial and immunomodulatory activity of n-hexane fraction and spathulenol from Ocotea notata leaves
500 ## - NOTA GERAL
Nota geral Publicação on-line; 50 ref.; 5 tables; 5 illus.; Summaries (En, Pt)
942 ## - ADDED ENTRY ELEMENTS (KOHA)
Koha item type Analítica
520 ## - NOTA DE RESUMO
Nota de conteúdo <br/><br/>Abstract<br/><br/>Ocotea notata (Lauraceae) is popularly known as white-cinnamon. Ocotea species have several medicinal uses,<br/>especially for treating chest pain, rheumatism and wounds. The present study aimed to analyze the chemical<br/>composition of O. notatan-hexane fraction, in addition to its anti-mycobacterial and immunomodulatory activities.<br/>The n-hexane fraction was analyzed by GC-MS and was chromatographed to afford 15 subfractions (SF1-15), where<br/>SF5 was identified, by GC-MS and NMR, as the sesquiterpene spathulenol. The n-hexane fraction was the most potent<br/>in inhibiting nitric oxide (NO) and tumor necrosis factor-alpha (TNF-α) production on LPS-stimulated macrophages<br/>(IC50 8.3 ± 0.9 and 5.9 ± 1.0 µg/mL, respectively). SF4, a major subfraction, that presents a spathulenol analogous<br/>as a constituent, also inhibited NO and TNF-α production. Spathulenol only modulated NO production (IC50 45.6 ±<br/>1.4 µg/mL). The n-hexane fraction, SF4, and spathulenol revealed antimycobacterial activity against Mycobacterium<br/>bovis BCG, M. tuberculosis H37Rv, and M299 strains. Spathulenol inhibited the growth of Mtb H37Rv with MIC50<br/>36.9 ± 1.5 µg/mL (167.5 ± 6.8 µM), and Mtb M299 with MIC5042.1 ± 0.5 µg/mL (191.0 ± 2.2 µM). This is the first<br/>report describing the isolation of spathulenol from O. notata leaves and its anti-mycobacterial activity.<br/><br/>Key words: antiinflammatory, anti-mycobacterial, Ocotea notata,Sesquiterpenes.<br/><br/><br/><br/><br/>Resumo<br/><br/>Ocotea notata (Lauraceae) é popularmente conhecida como canela-branca. As espécies do gênero Ocotea têm vários<br/>usos medicinais, especialmente no tratamento de dores no peito, reumatismo e feridas. O presente estudo teve como<br/>objetivo analisar a composição química da fração n-hexano de O. notata, além de suas atividades antimicobacteriana<br/>e imunomoduladora. A fração n-hexano foi analisada por GC-MS e fracionada fornecendo 15 subfrações (SF1-15),<br/>onde SF5 foi identificado, por GC-MS e RMN, como o sesquiterpeno espatulenol. A fração n-hexano foi a mais<br/>potente na inibição da produção de óxido nítrico (NO) e do fator de necrose tumoral-alfa (TNF-α) em macrófagos<br/>estimulados por LPS (IC50 8,3 ± 0,9 e 5,9 ± 1,0 μg/mL, respectivamente). SF4, uma subfração majoritária, que<br/>apresenta um análogo do espatulenol como constituinte, também inibiu a produção de NO e TNF-α. O espatulenol<br/>modulou apenas a produção de NO (IC50 45,6 ± 1,4 μg/mL). A fração n-hexano, SF4 e espatulenol apresentaram<br/>atividade antimicobacteriana contra as cepas de Mycobacterium bovis BCG, M. tuberculosis (Mtb) H37Rv e M299.<br/>O espatulenol inibiu o crescimento de Mtb H37Rv com MIC50 36,9 ± 1,5 μg/mL (167,5 ± 6,8 μM) e Mtb M299<br/>com MIC50 42,1 ± 0,5 μg/mL (191,0 ± 2,2 μM). Este é o primeiro relato que descreve o isolamento do espatulenol<br/>das folhas de O. notata e sua atividade antimicobacteriana.<br/><br/>Palavras-chave: anti-inflamatório, antimicobacteriano, Ocotea notata, Sesquiterpenos
650 ## - ASSUNTO - THESAGRO
Cabeçalho tópico ou nome geográfico ANTIINFLAMATÓRIO
650 ## - ASSUNTO - THESAGRO
Cabeçalho tópico ou nome geográfico LAURACEAE
650 ## - ASSUNTO - THESAGRO
Cabeçalho tópico ou nome geográfico PLANTA MEDICINAL
650 ## - ASSUNTO - THESAGRO
Cabeçalho tópico ou nome geográfico COMPOSIÇÃO QUÍMICA
773 0# - ENTRADA ANALÍTICA
Host Biblionumber 709
Registro do item 357347
Imprenta Rio de Janeiro-RJ Jardim Botanico do Rio de Janeiro 1935
Outro identificador 2025-5311
Título Rodriguésia (Brazil)
ISSN 0370-6583; 2175-7860 on-line
Colação v. 72 p. 1-14; (2021)
Número de controle de registro BR2025001807
856 ## - ACESSO E ENDEREÇO ELETRÔNICO
Identificador uniforme de recurso - URI https://www.scielo.br/j/rod/a/6YtrLNTnZJY4WqzB7BvFbQF/?format=pdf&lang=en

Nenhum exemplar disponível.

BINAGRI

Telefone: (61)3218-2567/2388/3357/2097 - binagri@agro.gov.br

Ministério da Agricultura e Pecuária , Esplanada dos Ministérios, Bloco D, Anexo B, Brasília/DF, CEP: 70.043-900